000 00530nam a2200181 a 4500
005 20140310183533.0
008 110819s19uu xx 00 eng d
020 _a9781856177894
050 _aHG 4028
_b.Og34 2009
100 _aOgilvie, John
245 _aFinancial strategy :
_bThe key to your CIMA future /
_cJohn Ogilvie.
260 _aAmsterdam :
_bElsevier,
_c2009.
300 _a271 p. :
_bill. ;
_c30 cm.
521 _aBSBA
650 _aFinancial
_xExaminations
_xStudy guides
942 _cBK
_2lcc
_kFOR
999 _c24672
_d24672